ბათუმის შოთა რუსთაველის სახელმწიფო უნივერსიტეტის ბიბლიოთეკა

Краткий справочник архитектора(гражданские здания и сооружения). (ბიბ.ჩანაწერი № 37342)

000 -LEADER
fixed length control field 00720nam a2200205Ia 4500
001 - CONTROL NUMBER
control field 3301
003 - CONTROL NUMBER IDENTIFIER
control field GE_BSU
008 - FIXED-LENGTH DATA ELEMENTS--GENERAL INFORMATION
fixed length control field 181216s||||||||xx |||||||||||||| ||und||
040 ## - CATALOGING SOURCE
Transcribing agency GE_BSU
080 ## - UNIVERSAL DECIMAL CLASSIFICATION NUMBER
Universal Decimal Classification number 72(03)
100 ## - MAIN ENTRY--PERSONAL NAME
Personal name Коваленко,Ю.Н. Шевченко,В.П. Михайленко,И.Д.
245 ## - TITLE STATEMENT
Title Краткий справочник архитектора(гражданские здания и сооружения).
245 ## - TITLE STATEMENT
Statement of responsibility, etc. Под общей редакцией Ю.И. Коваленко.
260 ## - PUBLICATION, DISTRIBUTION, ETC.
Place of publication, distribution, etc. Киев.
260 ## - PUBLICATION, DISTRIBUTION, ETC.
Name of publisher, distributor, etc. Будiвельник.
260 ## - PUBLICATION, DISTRIBUTION, ETC.
Date of publication, distribution, etc. 1975.
300 ## - PHYSICAL DESCRIPTION
Extent 704 стр. 22 см.
653 ## - INDEX TERM--UNCONTROLLED
Uncontrolled term Краткий справочник архитектора.
942 ## - ADDED ENTRY ELEMENTS (KOHA)
Koha item type წიგნი
ეგზემპლარები
Withdrawn status Lost status Damaged status Not for loan Date acquired Barcode Date last seen Price effective from Koha item type Public note
        2018-12-17 9821 2018-12-17 2018-12-17 წიგნი დარბაზი